000 00808nam a2200181Ia 4500
008 090630s9999 xx 000 0 und d
082 _b16397
100 _aहिवराळे सुखराम.
245 _aलोकराजे राजर्षी शाहूमहाराज भाग 1.
_cहिवराळे सुखराम.
260 _bप्रचार - कोल्हापूर.
300 _a0
600 _aहिवराळे सुखराम.
630 _aलोकराजे राजर्षी शाहूमहाराज भाग 1.
655 _aबालवाङमय.
700 _aहिवराळे सुखराम.
730 _aलोकराजे राजर्षी शाहूमहाराज भाग 1.
942 _cBOOK
999 _c268253
_d268253